Manual de política económica /

שמור ב:
מידע ביבליוגרפי
מחבר ראשי: Forte, Francesco
מחברים אחרים: Sanchis Goméz, Enrique trad
פורמט: Texto
יצא לאור: Barcelona: Oikos-tau
תגים: הוספת תג
אין תגיות, היה/י הראשונ/ה לתייג את הרשומה!

MARC

LEADER 00000 a a2200000 04500
001 22593
003
040
020 |a 84-281-0427-1  
090 |a 154800  
100 |a Forte, Francesco  
245 |a Manual de política económica /  |c Francesco Forte 
260 |a Barcelona:   |b Oikos-tau  
300 |a 342 p.; vol. 1-4  
700 |a Sanchis Goméz, Enrique   |a trad.  
999 |c 14288  |d 14288